000 00307 a2200133 4500
001 151261
040 _cEscola São Tomás de Aquino
240 1 0 _aO nó do afeto
_lpor
245 1 0 _aO nó do afeto
362 0 _a2008
440 1 _aCompanhia Editora Nacional
697 _a*LITERATURA INFANTO
942 _cBK
999 _c151261
_d151261